000
00297nam a22001217a 4500
999
_c
41245
_d
41245
003
OSt
005
20210408144229.0
008
210408b ||||| |||| 00| 0 eng d
040
_c
oclc
100
_9
8577
_a
Unnikrishnan A M
245
_a
Neyyattinkara a p nayarum jnanapradayiniyum
942
_2
ddc
_c
BK